[Event "RM-2022-0-00267"]
[Site "LSS email"]
[Date "2022.06.13"]
[Round "?"]
[White "Eman, Juan"]
[Black "Susla, Vitaliy"]
[Result "1-0"]
[WhiteElo "2205"]
[BlackElo "2331"]
[PlyCount "99"]
[EventDate "2022.04.30"]
[EventType "tourn (corr)"]
[EventRounds "6"]
[EventCountry "GER"]
[SourceTitle "Corr 2024"]
[Source "ChessBase"]
[SourceDate "2023.10.19"]
[SourceVersion "1"]
[SourceVersionDate "2023.10.19"]
[SourceQuality "1"]

1. Nf3 Nf6 2. c4 g6 3. Nc3 Bg7 4. e4 d6 5. d4 0-0 6. h3 e5 7. d5 a5 8. Be3 Na6 9. g4 Nc5 10. Nd2 a4 11. Be2 c6 12. g5 Nfd7 13. h4 Qa5 14. a3 f5 15. f3 Rf7 16. h5 f4 17. Bf2 gxh5 18. Qc2 Bf8 19. 0-0-0 Rg7 20. Rxh5 Be7 21. Rg1 Nf8 22. Bf1 Bd7 23. Kb1 Kh8 24. Na2 Be8 25. Rh2 Bxg5 26. Qd1 cxd5 27. cxd5 b5 28. Nb4 Na6 29. Nc6 Bxc6 30. dxc6 Nc5 31. Rhg2 Nfe6 32. Bxc5 dxc5 33. Nc4 Rd8 34. Nd6 Qc7 35. Rd2 Nd4 36. Nxb5 Qxc6 37. Bc4 h6 38. Nxd4 cxd4 39. Bd5 Qb5 40. Rc2 Kh7 41. Rc4 Rd6 42. Rxa4 h5 43. Ra8 Bd8 44. Rh1 Kh6 45. Qc2 Qb6 46. a4 Qb4 47. a5 Qb5 48. a6 Qb6 49. Qh2 Rg5 50. Bf7 1-0

[Event "RM-2022-0-00267"]
[Site "LSS email"]
[Date "2022.06.13"]
[Round "?"]
[White "Robertson, Gavin"]
[Black "Eman, Juan"]
[Result "1/2-1/2"]
[WhiteElo "2354"]
[BlackElo "2205"]
[PlyCount "47"]
[EventDate "2022.04.30"]
[EventType "tourn (corr)"]
[EventRounds "6"]
[EventCountry "GER"]
[SourceTitle "Corr 2024"]
[Source "ChessBase"]
[SourceDate "2023.10.19"]
[SourceVersion "1"]
[SourceVersionDate "2023.10.19"]
[SourceQuality "1"]

1. c4 e5 2. g3 Nf6 3. Bg2 d5 4. cxd5 Nxd5 5. Nf3 Nc6 6. 0-0 Nb6 7. b3 Be6 8. Bb2 f6 9. Nc3 Qd7 10. Qc1 Nd5 11. d4 Nxc3 12. Qxc3 e4 13. Nh4 Bd5 14. Qe3 Qe6 15. f3 exf3 16. Qxe6+ Bxe6 17. Bxf3 0-0-0 18. Rfd1 Nb4 19. e4 Bd6 20. Bc3 Rhe8 21. Ng2 Bf7 22. Rd2 Nc6 23. Nf4 Kb8 24. Rad1 1/2-1/2

[Event "RM-2022-0-00266"]
[Site "LSS email"]
[Date "2022.06.04"]
[Round "?"]
[White "Eman, Juan"]
[Black "Koch, Christian"]
[Result "1/2-1/2"]
[WhiteElo "2205"]
[BlackElo "2321"]
[PlyCount "45"]
[EventDate "2022.03.27"]
[EventType "tourn (corr)"]
[EventRounds "6"]
[EventCountry "GER"]
[SourceTitle "Corr 2024"]
[Source "ChessBase"]
[SourceDate "2023.10.19"]
[SourceVersion "1"]
[SourceVersionDate "2023.10.19"]
[SourceQuality "1"]

1. Nf3 d5 2. d4 Nf6 3. c4 e6 4. Nc3 c6 5. cxd5 exd5 6. Qc2 g6 7. Bg5 Be7 8. e3 Bf5 9. Bd3 Bxd3 10. Qxd3 0-0 11. Bxf6 Bxf6 12. b4 a6 13. 0-0 Be7 14. Rab1 Nd7 15. Rfc1 Nf6 16. a4 Qd6 17. Ne2 Rfc8 18. Nf4 Bf8 19. Qd1 Qd8 20. Nd3 Ne4 21. Nc5 Nd6 22. Ne5 Rc7 23. h3 1/2-1/2

[Event "SM-2022-0-00470"]
[Site "LSS email"]
[Date "2022.05.18"]
[Round "?"]
[White "Eman, Juan"]
[Black "Ozen, Bahadir"]
[Result "1/2-1/2"]
[WhiteElo "2205"]
[BlackElo "2252"]
[PlyCount "28"]
[EventDate "2022.04.06"]
[EventType "tourn (corr)"]
[EventRounds "6"]
[EventCountry "GER"]
[SourceTitle "Corr 2024"]
[Source "ChessBase"]
[SourceDate "2023.10.19"]
[SourceVersion "1"]
[SourceVersionDate "2023.10.19"]
[SourceQuality "1"]

1. Nf3 d5 2. c4 e6 3. d4 Nf6 4. Nc3 c6 5. g3 dxc4 6. Bg2 Nbd7 7. a4 a5 8. 0-0 Bb4 9. Qc2 0-0 10. Rd1 Qe7 11. Bf4 Nd5 12. Bd2 N5f6 13. Bf4 Nd5 14. Bd2 N5f6 1/2-1/2

[Event "ZH-2022-0-02007"]
[Site "LSS email"]
[Date "2022.03.26"]
[Round "?"]
[White "Ozen, Bahadir"]
[Black "Eman, Juan"]
[Result "1/2-1/2"]
[WhiteElo "2267"]
[BlackElo "2194"]
[PlyCount "41"]
[EventDate "2022.03.26"]
[EventType "match (corr)"]
[EventRounds "2"]
[EventCountry "GER"]
[SourceTitle "Corr 2024"]
[Source "ChessBase"]
[SourceDate "2023.10.19"]
[SourceVersion "1"]
[SourceVersionDate "2023.10.19"]
[SourceQuality "1"]

1. e4 c5 2. Nf3 d6 3. d4 cxd4 4. Nxd4 Nf6 5. Nc3 g6 6. Be3 Bg7 7. f3 0-0 8. Qd2 Nc6 9. 0-0-0 d5 10. exd5 Nxd5 11. Nxc6 bxc6 12. Bd4 Bxd4 13. Qxd4 Qb6 14. Na4 Qc7 15. Bc4 Rd8 16. Nc5 Bf5 17. Bb3 Nf4 18. Qf2 Rxd1+ 19. Rxd1 Rd8 20. Rxd8+ Qxd8 21. g4 1/2-1/2

[Event "SM-2021-0-00453"]
[Site "LSS email"]
[Date "2021.11.15"]
[Round "?"]
[White "Wosch, Arkadiusz"]
[Black "Eman, Juan"]
[Result "1/2-1/2"]
[WhiteElo "2287"]
[BlackElo "2189"]
[PlyCount "42"]
[EventDate "2021.07.25"]
[EventType "tourn (corr)"]
[EventRounds "6"]
[EventCountry "GER"]
[SourceTitle "Corr 2024"]
[Source "ChessBase"]
[SourceDate "2023.10.19"]
[SourceVersion "1"]
[SourceVersionDate "2023.10.19"]
[SourceQuality "1"]

1. e4 c6 2. d4 d5 3. Nc3 dxe4 4. Nxe4 Bf5 5. Ng3 Bg6 6. Nf3 Nd7 7. Bd3 e6 8. 0-0 Ngf6 9. Re1 Be7 10. Bxg6 hxg6 11. c4 0-0 12. Qe2 Qc7 13. Ne4 c5 14. Nxc5 Nxc5 15. dxc5 Bxc5 16. h3 Rfd8 17. Bg5 Re8 18. Bd2 Bd6 19. Rac1 b6 20. Ne5 Rad8 21. Bg5 Rc8 1/2-1/2

[Event "RM-2021-0-00244"]
[Site "LSS email"]
[Date "2021.08.24"]
[Round "?"]
[White "Eman, Juan"]
[Black "Ploscaru, Stelian"]
[Result "1/2-1/2"]
[WhiteElo "2189"]
[BlackElo "2309"]
[PlyCount "38"]
[EventDate "2021.04.25"]
[EventType "tourn (corr)"]
[EventRounds "6"]
[EventCountry "GER"]
[SourceTitle "Corr 2024"]
[Source "ChessBase"]
[SourceDate "2023.10.19"]
[SourceVersion "1"]
[SourceVersionDate "2023.10.19"]
[SourceQuality "1"]

1. Nf3 Nf6 2. c4 c5 3. Nc3 Nc6 4. g3 d5 5. d4 cxd4 6. Nxd4 e5 7. Nxc6 bxc6 8. Bg2 Rb8 9. 0-0 d4 10. Ne4 Nxe4 11. Bxe4 Qc7 12. f4 Bh3 13. Rf2 f5 14. Bg2 Bxg2 15. Kxg2 Bc5 16. fxe5 Qxe5 17. Qd3 Qe4+ 18. Qxe4+ fxe4 19. Rf4 Kd7 1/2-1/2

[Event "RM-2021-0-00237"]
[Site "LSS email"]
[Date "2021.03.19"]
[Round "?"]
[White "Eman, Juan"]
[Black "Khlopov, Sergej"]
[Result "1/2-1/2"]
[WhiteElo "2213"]
[BlackElo "2334"]
[PlyCount "33"]
[EventDate "2021.01.14"]
[EventType "tourn (corr)"]
[EventRounds "6"]
[EventCountry "GER"]
[SourceTitle "Corr 2022"]
[Source "ChessBase"]
[SourceDate "2021.10.24"]
[SourceVersion "1"]
[SourceVersionDate "2021.10.24"]
[SourceQuality "1"]

1. e4 c6 2. d4 d5 3. e5 c5 4. dxc5 Nc6 5. Nf3 Bg4 6. c3 e6 7. Be3 a6 8. Nbd2 Nxe5 9. Qa4+ Qd7 10. Qf4 Bxf3 11. Nxf3 Ng6 12. Qg3 Nf6 13. Bd3 Nh5 14. Qg4 Nf6 15. Qg3 Nh5 16. Qg4 Nf6 17. Qg3 1/2-1/2

[Event "ZH-2021-0-01882"]
[Site "LSS email"]
[Date "2021.01.20"]
[Round "?"]
[White "Enev, Zlatko"]
[Black "Eman, Juan"]
[Result "1-0"]
[WhiteElo "2378"]
[BlackElo "2213"]
[PlyCount "83"]
[EventDate "2021.01.02"]
[EventType "match (corr)"]
[EventRounds "2"]
[EventCountry "GER"]
[SourceTitle "Corr 2022"]
[Source "ChessBase"]
[SourceDate "2021.10.24"]
[SourceVersion "1"]
[SourceVersionDate "2021.10.24"]
[SourceQuality "1"]

1. e4 c6 2. d4 d5 3. e5 c5 4. dxc5 e6 5. Nf3 Bxc5 6. Bd3 Nc6 7. a3 Nge7 8. b4 Bb6 9. 0-0 Ng6 10. Bb2 Nf4 11. c4 0-0 12. c5 Nxd3 13. Qxd3 Bc7 14. b5 Ne7 15. a4 Qe8 16. Nbd2 a6 17. b6 Bd8 18. Nd4 Bd7 19. a5 Rc8 20. Qe3 Nc6 21. Nxc6 Bxc6 22. Bd4 Be7 23. h3 Bb5 24. Rfc1 Qd7 25. f4 Rfd8 26. Rab1 h6 27. Kh2 g6 28. Rc3 Kh7 29. Qf2 Rg8 30. g4 Rc6 31. Rf3 Qc8 32. Rc1 Qd8 33. Rb3 Qd7 34. h4 Qc8 35. Rh3 h5 36. gxh5 gxh5 37. Qf3 Rg4 38. Rg1 Qg8 39. Rhg3 Qg6 40. Rxg4 hxg4 41. Rxg4 Qf5 42. Qg3 1-0

[Event "ZH-2020-0-01876"]
[Site "LSS email"]
[Date "2020.12.17"]
[Round "?"]
[White "Eman, Juan"]
[Black "Jordan, Miguel"]
[Result "1/2-1/2"]
[WhiteElo "2221"]
[BlackElo "2027"]
[PlyCount "98"]
[EventDate "2020.12.15"]
[EventType "match (corr)"]
[EventRounds "2"]
[EventCountry "GER"]
[SourceTitle "Corr 2024"]
[Source "ChessBase"]
[SourceDate "2023.10.19"]
[SourceVersion "1"]
[SourceVersionDate "2023.10.19"]
[SourceQuality "1"]

1. Nf3 d5 2. c4 d4 3. b4 c5 4. e3 Nf6 5. Bb2 dxe3 6. fxe3 cxb4 7. a3 e6 8. Be2 a5 9. 0-0 Nc6 10. d4 Be7 11. axb4 Nxb4 12. Ne5 0-0 13. Bf3 Rb8 14. Nc3 Nd7 15. Qe2 f6 16. Nxd7 Bxd7 17. Rfd1 Qc7 18. Nb5 Bxb5 19. cxb5 Kh8 20. Kh1 f5 21. Rdc1 Qd8 22. e4 fxe4 23. Qxe4 b6 24. Re1 Bd6 25. Rad1 Qg5 26. Qxe6 Rf6 27. Qe4 Qxb5 28. Ba1 Rf4 29. Qe6 Rd8 30. Re2 Rf6 31. Qe4 Qc4 32. h3 Rf4 33. Qe6 Qxe6 34. Rxe6 Rff8 35. d5 Na6 36. Be5 Bxe5 37. Rxe5 Rd6 38. Re7 Nc5 39. Rde1 h6 40. Rc7 Rfd8 41. Ree7 R6d7 42. Rexd7 Nxd7 43. d6 a4 44. Bc6 a3 45. Bb5 Ra8 46. Rc1 a2 47. Ra1 Ra7 48. Kh2 Ne5 49. Kg3 g5 1/2-1/2

[Event "IECC CL2-2020.04 email"]
[Site "IECC email"]
[Date "2020.09.28"]
[Round "?"]
[White "Eman, Juan"]
[Black "Hervas, Fernando"]
[Result "1/2-1/2"]
[WhiteElo "2025"]
[BlackElo "2027"]
[PlyCount "104"]
[EventDate "2020.??.??"]
[EventType "tourn (corr)"]
[EventRounds "4"]
[SourceTitle "Corr 2024"]
[Source "ChessBase"]
[SourceDate "2023.10.19"]
[SourceVersion "1"]
[SourceVersionDate "2023.10.19"]
[SourceQuality "1"]
[WhiteTeam "Venezuela"]
[BlackTeam "Spanien"]
[WhiteTeamCountry "VEN"]
[BlackTeamCountry "ESP"]

1. Nf3 d6 2. c4 g6 3. d4 Nf6 4. Nc3 Bf5 5. h3 Bg7 6. g4 Bd7 7. e4 Nc6 8. d5 Nb4 9. Bg2 0-0 10. a3 Na6 11. 0-0 c6 12. Bf4 cxd5 13. cxd5 Nc5 14. Re1 a5 15. e5 Ne8 16. Qe2 Qb6 17. Qe3 Na4 18. Nxa4 Qxe3 19. Rxe3 Bxa4 20. Rc1 h6 21. b3 Bd7 22. a4 Rc8 23. Rxc8 Bxc8 24. Rc3 Bd7 25. Rc1 b5 26. axb5 Bxb5 27. Re1 Nc7 28. Nd4 dxe5 29. Bxe5 Bxe5 30. Rxe5 Re8 31. Re1 Bd7 32. Ra1 e5 33. Nc2 Rb8 34. Rxa5 Ne8 35. Ra3 Nd6 36. Ne3 Bb5 37. h4 Kg7 38. Bf1 Bxf1 39. Kxf1 Rb4 40. h5 Nb5 41. Ra6 Rxb3 42. hxg6 fxg6 43. Nc4 Rb1+ 44. Kg2 Rd1 45. Nxe5 g5 46. Nc4 Rxd5 47. Ne3 Rd3 48. Nf5+ Kf8 49. Rxh6 Kf7 50. Rc6 Nd4 51. Rd6 Nf3 52. Rxd3 Ne1+ 1/2-1/2

[Event "ZH-2020-0-01854"]
[Site "LSS email"]
[Date "2020.09.20"]
[Round "?"]
[White "Berclaz, Philippe"]
[Black "Eman, Juan"]
[Result "1/2-1/2"]
[WhiteElo "2333"]
[BlackElo "2208"]
[PlyCount "109"]
[EventDate "2020.09.13"]
[EventType "match (corr)"]
[EventRounds "2"]
[EventCountry "GER"]
[SourceTitle "Corr 2022"]
[Source "ChessBase"]
[SourceDate "2021.10.24"]
[SourceVersion "1"]
[SourceVersionDate "2021.10.24"]
[SourceQuality "1"]

1. d4 Nf6 2. c4 e6 3. Nc3 Bb4 4. Qc2 0-0 5. a3 Bxc3+ 6. Qxc3 b6 7. Bg5 Bb7 8. f3 h6 9. Bh4 d5 10. e3 Nbd7 11. cxd5 Nxd5 12. Bxd8 Nxc3 13. Be7 Rfe8 14. Bh4 Nd5 15. Kf2 Ne7 16. Bb5 c6 17. Bxe7 cxb5 18. Bd6 Rec8 19. Ne2 Rc2 20. Rhc1 Rac8 21. Ke1 Bd5 22. Bb4 f5 23. Bd2 Rxc1+ 24. Rxc1 Rxc1+ 25. Nxc1 g5 26. Bb4 Nb8 27. Nd3 Nc6 28. Nf2 Kf7 29. Kd2 Ke8 30. e4 Bc4 31. Bc3 Bf1 32. g3 a5 33. Nd3 Ne7 34. Ke3 fxe4 35. fxe4 Nc8 36. Nf2 Ke7 37. Ng4 h5 38. Ne5 Nd6 39. Nf3 Nf7 40. Nd2 Bh3 41. Kf2 g4 42. Ke3 Bg2 43. b4 a4 44. Kf4 Nd6 45. Bb2 Kf7 46. Ke5 Ke7 47. Bc1 Bh1 48. Kf4 Kf7 49. Bb2 Bg2 50. e5 Nc4 51. Nxc4 bxc4 52. Kg5 b5 53. Kxh5 Bf3 54. Kg5 Ke7 55. d5 1/2-1/2

[Event "RM-2020-0-00218"]
[Site "LSS email"]
[Date "2020.09.09"]
[Round "?"]
[White "Esin, Maxim"]
[Black "Eman, Juan"]
[Result "1-0"]
[WhiteElo "2251"]
[BlackElo "2209"]
[PlyCount "99"]
[EventDate "2020.08.08"]
[EventType "tourn (corr)"]
[EventRounds "6"]
[EventCountry "GER"]
[SourceTitle "Corr 2022"]
[Source "ChessBase"]
[SourceDate "2021.10.24"]
[SourceVersion "1"]
[SourceVersionDate "2021.10.24"]
[SourceQuality "1"]

1. e4 c5 2. Nf3 d6 3. d4 cxd4 4. Nxd4 Nf6 5. Nc3 g6 6. Be3 Bg7 7. f3 0-0 8. Qd2 Nc6 9. 0-0-0 d5 10. Qe1 e5 11. Nxc6 bxc6 12. exd5 Nxd5 13. Bc4 Be6 14. Ne4 Qc7 15. Bc5 Rfd8 16. Qh4 h6 17. g4 Nf4 18. Bxe6 Nxe6 19. Rxd8+ Rxd8 20. Be3 Nf4 21. Qf2 Nd5 22. Bd2 Qb6 23. Re1 Nf4 24. Qxb6 axb6 25. Bxf4 exf4 26. c3 Ra8 27. a3 Kf8 28. Kc2 Re8 29. Rd1 Ke7 30. b4 Ra8 31. Kb3 b5 32. Nc5 Kf8 33. Nb7 Ke7 34. Na5 Rc8 35. c4 Ke6 36. Re1+ Be5 37. a4 bxa4+ 38. Kxa4 Ra8 39. Kb3 Rc8 40. h3 f5 41. c5 Kf6 42. Nc4 Bb8 43. gxf5 Kxf5 44. Ka4 Rd8 45. Ka5 Rd3 46. Kb6 Rb3 47. Nd6+ Kg5 48. Re4 Rxf3 49. Re8 Rb3 50. b5 1-0

[Event "RM-2020-0-00218"]
[Site "LSS email"]
[Date "2020.09.06"]
[Round "?"]
[White "Eman, Juan"]
[Black "Cirulis, Ilmars"]
[Result "1/2-1/2"]
[WhiteElo "2209"]
[BlackElo "2240"]
[PlyCount "48"]
[EventDate "2020.08.08"]
[EventType "tourn (corr)"]
[EventRounds "6"]
[EventCountry "GER"]
[SourceTitle "Corr 2022"]
[Source "ChessBase"]
[SourceDate "2021.10.24"]
[SourceVersion "1"]
[SourceVersionDate "2021.10.24"]
[SourceQuality "1"]

1. Nf3 d5 2. c4 d4 3. b4 c5 4. e3 dxe3 5. fxe3 cxb4 6. d4 Nf6 7. Bd3 g6 8. 0-0 Bg7 9. a3 Nc6 10. Bb2 0-0 11. Nbd2 bxa3 12. Rxa3 Nb4 13. Be2 Bf5 14. Ne5 Qc7 15. c5 Be6 16. Bc4 Nc6 17. Bxe6 fxe6 18. Nd3 Nd5 19. Re1 b5 20. cxb6 axb6 21. Rxa8 Rxa8 22. Nf3 Qd6 23. Kh1 Na5 24. Qe2 Nc6 1/2-1/2

[Event "TH-S-1257"]
[Site "IECC email"]
[Date "2020.08.15"]
[Round "?"]
[White "Eman, Juan"]
[Black "Cruz, Eliecer"]
[Result "1/2-1/2"]
[WhiteElo "2003"]
[BlackElo "2066"]
[PlyCount "46"]
[EventDate "2020.??.??"]
[EventType "tourn (corr)"]
[SourceTitle "Corr 2024"]
[Source "ChessBase"]
[SourceDate "2023.10.19"]
[SourceVersion "1"]
[SourceVersionDate "2023.10.19"]
[SourceQuality "1"]
[WhiteTeam "Venezuela"]
[BlackTeam "Kuba"]
[WhiteTeamCountry "VEN"]
[BlackTeamCountry "CUB"]

1. e4 c5 2. b4 cxb4 3. Nf3 Nc6 4. d4 e6 5. a3 d5 6. e5 Qa5 7. Bd3 Bd7 8. 0-0 Rc8 9. Nbd2 bxa3 10. Nb3 Qa4 11. Ra2 b5 12. c3 Na5 13. Nxa5 Qxa5 14. Bd2 Ne7 15. Qe2 Nc6 16. Bxb5 Rb8 17. c4 Bb4 18. Rfa1 dxc4 19. Bxb4 Qxb4 20. Bxc4 Na5 21. Bd3 Nb3 22. Rb1 0-0 23. Qe4 g6 1/2-1/2

[Event "RM-2020-0-00214"]
[Site "LSS email"]
[Date "2020.08.01"]
[Round "?"]
[White "Eman, Juan"]
[Black "Enev, Zlatko"]
[Result "0-1"]
[WhiteElo "2218"]
[BlackElo "2330"]
[PlyCount "80"]
[EventDate "2020.06.01"]
[EventType "tourn (corr)"]
[EventRounds "6"]
[EventCountry "GER"]
[SourceTitle "Corr 2022"]
[Source "ChessBase"]
[SourceDate "2021.10.24"]
[SourceVersion "1"]
[SourceVersionDate "2021.10.24"]
[SourceQuality "1"]

1. d4 Nf6 2. Bg5 d5 3. Bxf6 exf6 4. e3 Bd6 5. Bd3 f5 6. Nd2 c6 7. h4 0-0 8. g3 g6 9. h5 Kg7 10. Ne2 Nd7 11. Nf4 Nf6 12. Qe2 Qe7 13. 0-0-0 Bd7 14. c4 Rfb8 15. Kb1 a5 16. cxd5 cxd5 17. Nf3 a4 18. Rh4 a3 19. b3 Bxf4 20. gxf4 Ne4 21. Qe1 Rc8 22. Ka1 Be8 23. Ng5 Qc7 24. hxg6 hxg6 25. Rh7+ Kf6 26. f3 Qc3+ 27. Qxc3 Nxc3 28. Rc1 Rc7 29. Rhh1 Rac8 30. Nh3 Bb5 31. Nf2 Ke6 32. Rhf1 Bxd3 33. Nxd3 Nb5 34. Kb1 Rxc1+ 35. Rxc1 Nc3+ 36. Ka1 Kd6 37. Ne5 Ke7 38. b4 Rh8 39. Nd3 Ne2 40. Rb1 f6 0-1

[Event "RM-2020-0-00214"]
[Site "LSS email"]
[Date "2020.08.01"]
[Round "?"]
[White "Eman, Juan"]
[Black "Martin, Angel"]
[Result "1/2-1/2"]
[WhiteElo "2218"]
[BlackElo "2381"]
[PlyCount "58"]
[EventDate "2020.06.01"]
[EventType "tourn (corr)"]
[EventRounds "6"]
[EventCountry "GER"]
[SourceTitle "Corr 2022"]
[Source "ChessBase"]
[SourceDate "2021.10.24"]
[SourceVersion "1"]
[SourceVersionDate "2021.10.24"]
[SourceQuality "1"]

1. Nf3 c5 2. c4 g6 3. e4 Bg7 4. d4 Qb6 5. dxc5 Qxc5 6. Be2 Nc6 7. 0-0 d6 8. a3 Qb6 9. Ra2 Bg4 10. Be3 Qc7 11. b4 Bxf3 12. Bxf3 a5 13. b5 Ne5 14. Be2 Nf6 15. Nc3 0-0 16. Nd5 Nxd5 17. exd5 f5 18. Qd2 Nd7 19. g3 Nc5 20. h4 Rac8 21. Re1 Be5 22. Rc2 h5 23. Bf1 Kh7 24. Bh3 Nb3 25. Qd3 Nc5 26. Qd1 b6 27. Kh2 Kg7 28. Bg2 Rf7 29. Kg1 Rcf8 1/2-1/2

[Event "RM-2020-0-00214"]
[Site "LSS email"]
[Date "2020.07.31"]
[Round "?"]
[White "Nichols, Scott"]
[Black "Eman, Juan"]
[Result "1/2-1/2"]
[WhiteElo "2406"]
[BlackElo "2218"]
[PlyCount "84"]
[EventDate "2020.06.01"]
[EventType "tourn (corr)"]
[EventRounds "6"]
[EventCountry "GER"]
[SourceTitle "Corr 2022"]
[Source "ChessBase"]
[SourceDate "2021.10.24"]
[SourceVersion "1"]
[SourceVersionDate "2021.10.24"]
[SourceQuality "1"]

1. e4 c5 2. Nf3 d6 3. d4 cxd4 4. c3 Nf6 5. Qxd4 Nc6 6. Qd3 g6 7. Be2 Bg7 8. 0-0 0-0 9. Rd1 b6 10. Bg5 Bb7 11. Na3 h6 12. Bh4 Qc8 13. Bxf6 Bxf6 14. Qe3 Kg7 15. Nc2 Qc7 16. Bd3 a6 17. h4 h5 18. Rd2 b5 19. Rad1 Rac8 20. Be2 Na5 21. Re1 Nc4 22. Bxc4 Qxc4 23. a3 Qc5 24. Qxc5 Rxc5 25. Rd3 a5 26. g3 Rc4 27. Nfd4 e5 28. b3 Rc5 29. b4 axb4 30. axb4 Rc4 31. Nxb5 Bxe4 32. Rxe4 Rxe4 33. Ne3 Be7 34. Nc7 Rc8 35. Ncd5 Bd8 36. Kf1 f5 37. f3 Rxe3 38. Nxe3 Be7 39. c4 f4 40. gxf4 exf4 41. Nd5 Bxh4 42. Rd4 Bg5 1/2-1/2

[Event "SM-2020-0-00428"]
[Site "LSS email"]
[Date "2020.06.07"]
[Round "?"]
[White "Eman, Juan"]
[Black "Sviderskij, Andrew"]
[Result "0-1"]
[WhiteElo "2211"]
[BlackElo "2221"]
[PlyCount "88"]
[EventDate "2020.04.14"]
[EventType "tourn (corr)"]
[EventRounds "6"]
[EventCountry "GER"]
[SourceTitle "Corr 2022"]
[Source "ChessBase"]
[SourceDate "2021.10.24"]
[SourceVersion "1"]
[SourceVersionDate "2021.10.24"]
[SourceQuality "1"]

1. d4 Nf6 2. Bg5 c5 3. d5 Ne4 4. Bf4 e6 5. f3 Bd6 6. Bxd6 Nxd6 7. e4 b5 8. Nc3 b4 9. Na4 Qc7 10. c3 bxc3 11. Nxc3 0-0 12. Be2 c4 13. Nh3 Na6 14. 0-0 Nc5 15. Qd4 Ba6 16. Rfd1 Rfd8 17. f4 f6 18. Nf2 Qb6 19. Rab1 Rac8 20. Rd2 e5 21. fxe5 fxe5 22. Qxe5 Nd3 23. Qg3 Rf8 24. Bf3 Rf6 25. Kh1 Rcf8 26. h3 Rg6 27. Qh4 Nf7 28. Ng4 d6 29. Be2 Nh6 30. Qe7 Nxg4 31. Bxg4 Rgf6 32. Be6+ Kh8 33. Kh2 Ne5 34. Re2 h6 35. Ree1 Bc8 36. Bf5 R6f7 37. Qh4 Bxf5 38. exf5 Rxf5 39. Qe4 Qd8 40. Re2 Qg5 41. Qe3 Qh5 42. Qxa7 Rg5 43. Rxe5 Rxe5 44. Qd4 Qg5 0-1

[Event "SM-2020-0-00428"]
[Site "LSS email"]
[Date "2020.06.07"]
[Round "?"]
[White "Sorcinelli, Andrea"]
[Black "Eman, Juan"]
[Result "1/2-1/2"]
[WhiteElo "2274"]
[BlackElo "2211"]
[PlyCount "47"]
[EventDate "2020.04.14"]
[EventType "tourn (corr)"]
[EventRounds "6"]
[EventCountry "GER"]
[SourceTitle "Corr 2022"]
[Source "ChessBase"]
[SourceDate "2021.10.24"]
[SourceVersion "1"]
[SourceVersionDate "2021.10.24"]
[SourceQuality "1"]

1. e4 c5 2. Nf3 d6 3. d4 cxd4 4. Nxd4 Nf6 5. Nc3 a6 6. h3 e5 7. Nde2 h5 8. g3 Be7 9. Bg2 b5 10. Nd5 Nxd5 11. Qxd5 Ra7 12. Be3 Rb7 13. Qd2 Nd7 14. Nc3 Nf6 15. a3 0-0 16. 0-0 a5 17. b4 Be6 18. Nd5 axb4 19. Nxf6+ Bxf6 20. axb4 Qd7 21. h4 Qc6 22. Ra3 Rc7 23. Rc1 Rcc8 24. Kh2 1/2-1/2

[Event "RM-2020-0-00210"]
[Site "LSS email"]
[Date "2020.05.25"]
[Round "?"]
[White "Eman, Juan"]
[Black "Koslowski, Volker"]
[Result "1/2-1/2"]
[WhiteElo "2217"]
[BlackElo "2273"]
[PlyCount "58"]
[EventDate "2020.04.18"]
[EventType "tourn (corr)"]
[EventRounds "6"]
[EventCountry "GER"]
[SourceTitle "Corr 2022"]
[Source "ChessBase"]
[SourceDate "2021.10.24"]
[SourceVersion "1"]
[SourceVersionDate "2021.10.24"]
[SourceQuality "1"]

1. Nf3 d5 2. d4 Nf6 3. c4 c6 4. Nc3 e6 5. Bg5 h6 6. Bh4 dxc4 7. e4 g5 8. Bg3 b5 9. Be2 Bb7 10. Qc2 Nh5 11. Rd1 Nxg3 12. hxg3 Na6 13. b3 cxb3 14. Qxb3 Bg7 15. e5 0-0 16. Ne4 c5 17. Qb1 Bxe4 18. Qxe4 c4 19. Nh2 f5 20. exf6 Qxf6 21. Ng4 Qf5 22. Qxf5 Rxf5 23. Nxh6+ Bxh6 24. Rxh6 Nb4 25. Bg4 Rff8 26. Rh5 Kf7 27. a3 Nd5 28. Rxg5 Rg8 29. Rxg8 Rxg8 1/2-1/2

[Event "RM-2020-0-00206"]
[Site "LSS email"]
[Date "2020.04.12"]
[Round "?"]
[White "Eman, Juan"]
[Black "Borisovs, Leonids"]
[Result "1/2-1/2"]
[WhiteElo "2218"]
[BlackElo "2230"]
[PlyCount "56"]
[EventDate "2020.03.10"]
[EventType "tourn (corr)"]
[EventRounds "6"]
[EventCountry "GER"]
[SourceTitle "Corr 2022"]
[Source "ChessBase"]
[SourceDate "2021.10.24"]
[SourceVersion "1"]
[SourceVersionDate "2021.10.24"]
[SourceQuality "1"]

1. e4 c5 2. Nf3 d6 3. d4 cxd4 4. Nxd4 Nf6 5. Nc3 a6 6. h3 e5 7. Nde2 h5 8. g3 Nbd7 9. Bg5 Be7 10. a4 Nc5 11. Bg2 Be6 12. 0-0 0-0 13. b3 Rb8 14. a5 Re8 15. h4 Nh7 16. Be3 Nf6 17. Qd2 Rc8 18. Bg5 Ng4 19. Bxe7 Qxe7 20. Rfd1 Red8 21. f3 Nf6 22. b4 Ncd7 23. Qxd6 Qxd6 24. Rxd6 Rc4 25. Rb1 Rdc8 26. Rd3 R4c6 27. Bf1 g6 28. Rb2 Kg7 1/2-1/2

[Event "RM-2020-0-00206"]
[Site "LSS email"]
[Date "2020.04.11"]
[Round "?"]
[White "Schenning, Albert"]
[Black "Eman, Juan"]
[Result "1/2-1/2"]
[WhiteElo "2208"]
[BlackElo "2218"]
[PlyCount "43"]
[EventDate "2020.03.10"]
[EventType "tourn (corr)"]
[EventRounds "6"]
[EventCountry "GER"]
[SourceTitle "Corr 2022"]
[Source "ChessBase"]
[SourceDate "2021.10.24"]
[SourceVersion "1"]
[SourceVersionDate "2021.10.24"]
[SourceQuality "1"]

1. e4 c6 2. d4 d5 3. e5 Bf5 4. Nf3 e6 5. Be2 c5 6. Be3 Qb6 7. Nc3 Nc6 8. 0-0 Qxb2 9. Qe1 cxd4 10. Bxd4 Nxd4 11. Nxd4 Bb4 12. Rb1 Bxc3 13. Rxb2 Bxe1 14. Rxe1 b6 15. Bb5+ Kf8 16. Nxf5 exf5 17. Rb3 Rc8 18. Ra3 a5 19. Bd3 Ne7 20. Rb1 Rc6 21. Rab3 Ng6 22. Rxb6 1/2-1/2